| 000 -CABECERA |
| Longitud fija campo de control |
00776nam a22002297a 4500 |
| 003 - IDENTIFICADOR DEL NÚMERO DE CONTROL |
| Identificador del número de control |
OSt |
| 005 - FECHA Y HORA DE LA ÚLTIMA TRANSACCIÓN |
| Fecha y hora de la última transacción |
20170419165309.0 |
| 008 - CÓDIGOS DE INFORMACIÓN DE LONGITUD FIJA |
| Códigos de información de longitud fija |
170419s2017 spca |001 0aspa|d |
| 017 ## - NÚMERO DE COPYRIGHT O DE DEPÓSITO LEGAL |
| Número de copyright o de depósito legal |
DL B. 299-2017 |
| 020 ## - NÚMERO INTERNACIONAL NORMALIZADO PARA LIBROS |
| Número Internacional Normalizado para Libros (ISBN) |
9788499926506 |
| 040 ## - FUENTE DE LA CATALOGACIÓN |
| Lengua de catalogación |
cat |
| Centro transcriptor |
CDMR |
| 100 1# - PUNTO DE ACCESO PRINCIPAL-NOMBRE DE PERSONA |
| Nombre de persona |
Candel, Francisco |
| Fechas asociadas al nombre |
1925-2007 |
| 9 (RLIN) |
2983 |
| 245 13 - MENCIÓN DE TÍTULO |
| Título |
El Gran dolor del mundo |
| Resto del título |
: diarios 1944-1975 / |
| Mención de responsabilidad, etc. |
Francisco Candel ; edición de Anna Caballé y Gabriel Jiménez |
| 260 ## - PUBLICACIÓN, DISTRIBUCIÓN, ETC. (PIE DE IMPRENTA) |
| Lugar de publicación, distribución, etc. |
Barcelona : |
| Nombre del editor, distribuidor, etc. |
Debate, |
| Fecha de publicación, distribución, etc. |
2017 |
| 300 ## - DESCRIPCIÓN FÍSICA |
| Extensión |
914 p. : |
| Otras características físicas |
il. ; |
| Dimensiones |
24 cm |
| 504 ## - NOTA DE BIBLIOGRAFÍA, ETC |
| Nota de bibliografía, etc. |
Índex |
| 600 17 - PUNTO DE ACCESO ADICIONAL DE MATERIA - NOMBRE DE PERSONA |
| Nombre de persona |
Candel, Francisco |
| Fechas asociadas al nombre |
1925-2007 |
| Subdivisión de materia general (R ) |
Biografia |
| Fuente de encabezamiento o te&ecute,rmino |
lemac |
| 9 (RLIN) |
2983 |
| 600 17 - PUNTO DE ACCESO ADICIONAL DE MATERIA - NOMBRE DE PERSONA |
| Nombre de persona |
Candel, Francisco |
| Fechas asociadas al nombre |
1925-2007 |
| Subdivisión de materia general (R ) |
Diaris íntims |
| Fuente de encabezamiento o te&ecute,rmino |
lemac |
| 9 (RLIN) |
2983 |
| 700 1# - PUNTO DE ACCESO ADICIONAL - NOMBRE DE PERSONA |
| Nombre de persona |
Caballé, Anna |
| Fechas asociadas al nombre |
1954-, |
| Término indicativo de función |
ed. |
| 9 (RLIN) |
1349 |
| 700 1# - PUNTO DE ACCESO ADICIONAL - NOMBRE DE PERSONA |
| Nombre de persona |
Jiménez, Gabriel, |
| Término indicativo de función |
ed. |
| 942 ## - ENTRADA DE ELEMENTOS AGREGADOS (KOHA) |
| Koha [por defecto] tipo de item |
Monografies |